000 00707cab a2200229 4500
001 ABS38901
008 090401t1988 xxu||||| |||| 00| 0 eng d
035 _a(Sirsi) u13206
041 _aeng
100 _aFidler, J.
245 _aFloor show
260 _c1988
350 _a0
490 _aTraditional Homes
_vApril 1988, 102-105(4)
520 _aDiscusses the cleaning and finishing of old timber floors and examines the different types of finishes available.
650 _aCONSERVATION
650 _aHISTORIC BUILDINGS
650 _aBUILT ENVIRONMENT-BUILDING MAINTENANCE AND REFURBISHMENT
690 _aBUILDING AND CONSTRUCTION-REPAIRS AND MAINTENANCE
942 _n0
948 _c04/03/1997
999 _c8500
_d8500